000 00967nam a2200301 i 4500
001 bg
100 1 _aSKARŻYŃSKI, Ryszard
245 1 0 _aElementy dynamiki budowli w zadaniach /
_cRyszard Skarżyński, Sławomir Labocha ; [Politechnika Częstochowska].
250 _aWyd. 2 przejrz. i popr.
260 _aCzęstochowa :
_bWydaw. PC,
_c2001.
300 _a93, [2] s. :
_bil. ;
_c24 cm.
490 1 _aSkrypty Politechniki Częstochowskiej,
_x1234-9909 ;
_v40
504 _aBibliogr.
650 9 _aBudownictwo
_xmechanika
650 9 _aDrgania
_xmechanika
650 9 _aDynamika
655 _aPodręczniki akademickie
700 1 _aLABOCHA, Sławomir
710 0 _aPolitechnika Częstochowska
830 _aSkrypty Politechniki Częstochowskiej,
_x1234-9909 ;
020 _a8371931581
040 _cBPK
041 0 _apol
080 _a624.04:531.3:534](075.8)
920 _a83-7193-158-1
942 _cKS
008 s pl f |000 0 pol
999 _c44569
_d44569
856 _uhttp://koha.tu.koszalin.pl/cgi-bin/koha/opac-detail.pl?biblionumber=44569
_yKatalog online BPK